| 000 | 00691nam a2200241Ia 4500 | ||
|---|---|---|---|
| 003 | OSt | ||
| 005 | 20221002051221.0 | ||
| 006 | a|||||r|||| 00| 0 | ||
| 007 | ta | ||
| 008 | 220930b |||||||| |||| 00| 0 eng d | ||
| 024 | _a22835 | ||
| 037 | _cReference Collections | ||
| 040 |
_aCRL _cCRL _beng |
||
| 041 |
_2eng _aeng |
||
| 082 | _aV : 241k, K7.1(RR) | ||
| 100 |
_aIswara Dutt K _9572215 |
||
| 245 | 0 |
_aCongress cyclopaedia _b The Indian National Congress 1885-1920 |
|
| 260 | _c1967 | ||
| 650 | _a HISTORY | ||
| 650 |
_aENCYCLOPEDIAS AND DICTIONARIES _977 |
||
| 942 |
_hV : 241k, K7.1(RR) _cref _2CC |
||
| 999 |
_c916233 _d916233 |
||